Le palmarès de Messi (individuel et collectif) - Statistiques

Statistiques générales
  • Ce quiz a été pris 280 fois
  • Le résultat moyen est 11 sur 19
Statistiques - réponses
Individuel/collectif Réponse % Correct
Individuel Ballon d'or (2009,2010,2011,2012,2015,2019,2021,2023)
99%
Collectif Coupe du monde (2022)
95%
Collectif Ligue des champions (2006, 2009, 2011, 2015)
91%
Collectif LaLiga (2005, 2006, 2009, 2010, 2011, 2013, 2015, 2016, 2018, 2019)
89%
Collectif Coupe du roi (2009, 2012, 2015, 2016, 2017, 2018, 2021)
81%
Collectif Ligue 1 (2022,2023)
80%
Collectif Copa America (2021)
76%
Individuel Soulier d'or européen (2010, 2012, 2013, 2017, 2018, 2019)
74%
Collectif Jeux Olympiques (2008)
64%
Individuel Meilleur joueur Europe UEFA (2015,2011,2009)
58%
Individuel Prix the best FIFA (2009,2019,2022)
51%
Collectif Supercoupe d'Espagne (2005, 2006, 2009, 2010, 2011, 2013, 2016, 2018)
51%
Collectif Coupe du monde des clubs FIFA (2009,2011,2015)
48%
Collectif Trophée des champions (22/23)
38%
Collectif Supercoupe d'Europe (2009, 2011, 2015)
35%
Collectif Finalissima (2022)
28%
Individuel Golden Boy (2005)
15%
Collectif League cup (2023)
6%
Individuel Prix Laureus meilleur sportif (2020,2023)
4%
Aucun quiz correspondant
Distribution des résultats
% des personnes avec chaque résultat
Percentile par nombre de réponses
Votre historique - résultats
Vous n’avez pas pris ce quiz